Training teachers to work in schools considered difficult (Record no. 12380)
[ view plain ]
| 000 -LEADER | |
|---|---|
| fixed length control field | 00698nam a2200241 4500 |
| 008 - FIXED-LENGTH DATA ELEMENTS--GENERAL INFORMATION | |
| fixed length control field | b xx# eng u |
| 010 ## - LIBRARY OF CONGRESS CONTROL NUMBER | |
| LC control number | 49562 |
| 020 ## - INTERNATIONAL STANDARD BOOK NUMBER | |
| International Standard Book Number | 9280311697 |
| 020 ## - INTERNATIONAL STANDARD BOOK NUMBER | |
| International Standard Book Number | 9789280311693 |
| 040 ## - CATALOGING SOURCE | |
| Original cataloging agency | LB-BrCRDP |
| 082 ## - DEWEY DECIMAL CLASSIFICATION NUMBER | |
| Classification number | 370.71/A916t |
| 100 1# - MAIN ENTRY--PERSONAL NAME | |
| Personal name | Auduc, Jean-Louis |
| 130 0# - MAIN ENTRY--UNIFORM TITLE | |
| Language of a work | EN |
| 245 10 - TITLE STATEMENT | |
| Title | Training teachers to work in schools considered difficult |
| Statement of responsibility, etc. | Jean-Louis Auduc |
| 260 ## - PUBLICATION, DISTRIBUTION, ETC. | |
| Place of publication, distribution, etc. | Paris |
| Name of publisher, distributor, etc. | Unesco |
| Date of publication, distribution, etc. | 1998 |
| 300 ## - PHYSICAL DESCRIPTION | |
| Extent | 129p. : |
| Other physical details | tables ; |
| Dimensions | 21cm |
| 490 0# - SERIES STATEMENT | |
| Series statement | Fundamentals of educational planning; 59 |
| 500 ## - GENERAL NOTE | |
| General note | Bibliography at the end |
| 650 ## - SUBJECT ADDED ENTRY--TOPICAL TERM | |
| Topical term or geographic name entry element | Teachers |
| General subdivision | Training |
| 700 10 - ADDED ENTRY--PERSONAL NAME | |
| Personal name | Unesco (Paris, France) |
| 942 ## - ADDED ENTRY ELEMENTS (KOHA) | |
| Koha item type | Books |
| Withdrawn status | Lost status | Source of classification or shelving scheme | Damaged status | Not for loan | Home library | Current library | Shelving location | Date acquired | Total Checkouts | Full call number | Barcode | Date last seen | Copy number | Price effective from | Koha item type |
|---|---|---|---|---|---|---|---|---|---|---|---|---|---|---|---|
| Dewey Decimal Classification | مكتبة المطبعة - سن الفيل | مكتبة المطبعة - سن الفيل | Salle de Lecture | 07/27/2016 | 370.71 A916t | CRF008309 | 07/27/2016 | 1 | 07/27/2016 | Books |